Comandante Montes Arache : (Registro nro. 14027)

Detalles MARC
000 -LIDER
fixed length control field 00961nam a2200277 a 4500
001 - NÚMERO DE CONTROL
Identificador de número de control
003 - IDENTIFICACDOR DE NÚMERO DE CONTROL
control field DO-SdBNP
005 - DATE AND TIME OF LATEST TRANSACTION
control field 20220209122630.0
008 - ELEMENTOS DE LONGITUD FIJA
fixed length control field 090821s2007 dr ac 000 0bspa d
020 ## - ISBN
International Standard Book Number 9993431125
040 ## - FUENTE DE CATALOGACIÓN
Agencia que crea de manera original el registro DO-SdBNP
Idioma de catalogación spa
Agencia que realiza la transcripción BPMSU
082 ## - NÚMERO DE CLASIFICACIÓN DECIMAL DE DEWEY
Classification number 923.5
Item number A658 F 2007
Edition number 22
100 1# - ASIENTO PRINCIPAL -- NOMBRE PERSONAL
Nombre personal Frías, Salomé
245 10 - MENCIÓN DE TITULO
Título Comandante Montes Arache :
Subtítulo el hombre rana /
Mención de responsabilidad Salomé Frías.
260 ## - PUBLICACIÓN, DISTRIBUCIÓN, ETC. (PIE DE IMPRENTA)
Lugar de publicación, distribución, etc Santo Domingo :
Nombre del editor, distribuidor, etc. Colegio Dominicano de Periodistas,
Fecha de publicación, distribución, etc 2007.
Impresor
300 ## - DESCRIPCIÓN FÍSICA
Extensión 149 p. :
Otros detalles físicos il., retrs. ;
Dimensiones 23 cm.
590 ## - NOTA LOCAL
Enlace Inventariado, 2022/VM
600 14 - ENCABEZAMIENTO DE MATERIA--NOMBRE PERSONAL
Nombre personal Montes Arache, Manuel Ramón
Fechas asociadas con el nombre 1926-2009
650 #4 - ENCABEZAMIENTO DE MATERIA--TEMÁTICO
Término temático o nombre geográfico como elemento de entrada Buceadores
650 #4 - ENCABEZAMIENTO DE MATERIA--TEMÁTICO
Término temático o nombre geográfico como elemento de entrada Marina de guerra
Subdivisión temática general Historia
Subdivisión geográfica República Dominicana
650 #4 - ENCABEZAMIENTO DE MATERIA--TEMÁTICO
Término temático o nombre geográfico como elemento de entrada Marinos
Subdivisión temática general Historia
Subdivisión geográfica República Dominicana
651 #4 - ENCABEZAMIENTO DE MATERIA--NOMBRE GEOGRÁFICO
Nombre geográfico República Dominicana
Subdivisión temática general Historia
Subdivisión cronológica Ocupación norteamericana, 1965-1966
651 #4 - ENCABEZAMIENTO DE MATERIA--NOMBRE GEOGRÁFICO
Nombre geográfico República Dominicana
Subdivisión temática general Historia
Subdivisión cronológica Revolución, 1965
910 ## - VALIDACIÓN
Validación VMateo V;
942 ## - ADDED ENTRY ELEMENTS (KOHA)
Source of classification or shelving scheme Dewey Decimal Classification
Koha item type Libros
Existencias
Withdrawn status Lost status Source of classification or shelving scheme Damaged status Not for loan Collection code Home library Current library Date acquired Total Checkouts Full call number Barcode Date last seen Price effective from Koha item type
    Dewey Decimal Classification     Colección Dominicana Biblioteca Pública Metropolitana Salomé Ureña Biblioteca Pública Metropolitana Salomé Ureña 02/09/2022   BPMSU CD 923.5 A658 F 2007 BPMSU22020041 02/09/2022 02/09/2022 Libros